№ 6; Ландшафтный дизайн

書誌詳細
Parent link:Ландшафтный дизайн: журнал/ ЗАО "Эдипресс - Конлига". № 6.— , 2002-
言語:ロシア語
出版事項: 2015
フォーマット: MixedMaterials 図書
KOHA link:https://koha.lib.tpu.ru/cgi-bin/koha/opac-detail.pl?biblionumber=554912

MARC

LEADER 00000nam2a2200000 4500
001 554912
005 20231101121601.0
035 |a (RuTPU)RU\TPU\prd\248952 
090 |a 554912 
100 |a 20151224a20029999m y0rusy50 ca 
101 0 |a rus 
102 |a RU 
200 0 |a № 6 
210 |d 2015 
461 1 |0 (RuTPU)RU\TPU\prd\2266  |t Ландшафтный дизайн  |o журнал  |f ЗАО "Эдипресс - Конлига"  |v № 6  |d 2002- 
801 0 |a RU  |b 63413507  |c 20010227  |g PSBO 
801 1 |a RU  |b 63413507  |c 20151224 
801 2 |a RU  |b 63413507  |c 20210226  |g RCR 
942 |c BK 
999 |a НТБ_ТПУ  |b НФ  |e -1/20150112  |p П-9269  |s 1/20150608  |u 0,00  |v 1